000 00633cam a22002293a 4500
001 31300
003 PGUSA
005 20140828083657.0
008 100217s2010||||xxu|||||s|||||000 | eng d
040 _aPGUSA
_beng
042 _adc
050 4 _aE151
100 1 _aHershaw, Lafayette M.,
_d1863-1945
245 1 0 _aPeonage
_h[electronic resource] /
_cLafayette M. Hershaw
260 _bProject Gutenberg,
_c2010
506 _aPublic domain in the USA.
516 _aElectronic text
653 _aPeonage -- United States
830 0 _aProject Gutenberg
_v31300
856 4 0 _uhttp://www.gutenberg.org/ebooks/31300
942 _cEB
999 _c260555
_d260555